000 00598nam a2200193Ia 4500
003 GCL
008 140319s9999 xx 000 0 ara d
040 _aGCL /
_cGCL
082 0 4 _a925
_bا ا
100 1 _aاحمد عبدالرحيم السايح
245 1 0 _aاخلاق العلماء /
_cاحمد عبدالرحيم السايح
700 1 _aالاجرى ابوبكر محمد بن الحسين
260 _a[S.N] :
_bالدار المصرية اللبنانية ،
_c1993
300 _a95 ص
490 _a
650 0 4 _aالعلماء
650 0 4 _aالتراجم
942 _2ddc
_cBK
999 _c30224
_d30224